Представление документа в формате RUSMARC

ПолеНазваниеЗначение
  Тип записи a
  Библиографический уровень m
001 Контрольный номер RU/УГОНБ/EK/59797
005 Дата корректировки 20250520122126.4
010 Индекс ISBN __
a ISBN 5-225-02711-3
d Цена 25 р. 20 к.
9 Тираж 12000 экз.
b Уточнения в пер.
100 Данные общей обработки __
a Данные общей обработки 19990218d1997 u u0rusy0189 ca
101 Язык документа 0_
a Язык текста rus
102 Страна публикации __
a Страна публикации RU
105 Кодированные данные (монография) __
a Кодированные данные (монография) a j 001yy
200 Заглавие и сведения об ответственности 1_
a Заглавие Клиническая генетика
e Сведения, относящиеся к заглавию учебник
f Первые сведения об ответственности Н.П. Бочков
210 Выходные данные 1_
a Место издания Москва
c Издательство Медицина
d Дата издания 1997
215 Физическое описание __
a Объем 284 с.
c Иллюстрации/тип воспроизводства ил.
d Формат 22 см
225 Серия 1_
a Серия Учебная литература для студентов медицинских вузов
320 Библиография __
a Библиография Библиогр.: с. 283
606 Тематические рубрики 0_
a Основная рубрика Генетика клиническая
610 Ключевые слова 0_
a Ключевые слова генетика клиническая
686 Индексы других классификаций __
a Классификационный индекс 52.522.15
2 Код системы rubbk
700 Автор _1
a Фамилия Бочков
b Имя (инициалы) Н.П.
g Полное личное имя Николай Павлович
801 Источник записи _0
a Страна RU
b Организация Ульяновская ОНБ
c Дата составления 19990218
g Правила каталогизации PSBO
801 Источник записи _1
a Страна RU
b Организация Ульяновская ОНБ
c Дата составления 19990218
901 Тип документа __
t Тип документа m
938 Служебная информация __
a Имя БД books
b Имя библиотеки УОНБ
c Имя АИБС МАРК-SQL
d Номер DOC_ID в БД 179787